000 00295nam a22001337a 4500
008 170921b xxu||||| |||| 00| 0 eng d
020 _a9780882847283
041 _aeng
080 _a78
100 _a45
101 _aMUZ
245 _aESSENTIAL DICTIONARY OF MUSIC
_cBALUE,J
942 _2udc
_cBK
999 _c28745
_d28745